000 00412nam a22001577a 4500
008 230411b ||||| |||| 00| 0 eng d
020 _a0-19-28032-9
082 1 4 _214
_a570
110 _916819
_aOxford University Press.
245 1 0 _aA dictionary of biology /
_cOxford University Press.
250 _a3rd. ed.
300 _b548 p.
650 0 _983
_aBIOLOGIA
650 0 _9120
_aDICCIONARIO
942 _2ddc
_cLIBRO
999 _c8587
_d8587
980 _62
_aVirginia Figueroa
_82
_gVirginia Figueroa